000 00430nam a2200181Ia 4500
005 20250603145742.0
008 250603s9999 xx 000 0 und d
020 _a9789351116561
050 _aDS 448 .P73/
100 _aPrakash, Anand
245 0 _aSouth east Asia and world politics
260 _aNew Delhi
260 _bRamdom Publications
260 _c2015
300 _a278 p
650 _aNew Delhi
942 _cBK
999 _c42749
_d42749